000 01230nmc a2200433 a 4500
003 AR-BaBNM
005 20251128204547.0
008 255019s1982 ||||||||||||||000 | spa||
020 _a950-018-210-6
040 _cAR-BaBNM
245 1 0 _aIdeología y medios de comunicación
250 _a1ª ed.
260 _aBuenos Aires
_bCentro de Estudios de la Realidad Nacional Chile
_bAmorrortu
_c1982
300 0 _a207 p.
_bil.
490 0 _aBiblioteca de sociología. Serie América Latina
600 1 4 _aMalthus, Thomas Robert
_d1766-1834
650 4 _aIDEOLOGIAS
650 4 _aMEDIOS DE COMUNICACION DE MASAS
650 4 _aBURGUESIA
650 4 _aCOMPORTAMIENTO SOCIAL
650 4 _aCANCIONES
650 4 _aPUBLICACIONES PERIODICAS POPULARES
650 4 _aNEOCOLONIALISMO
650 4 _aLITERATURA INFANTIL
650 4 _aCULTURA
650 4 _aPROCESOS POLITICOS
650 4 _aVIDA COTIDIANA
650 4 _aCOSTUMBRES
651 4 _aAmérica Latina
700 1 _aEcheverría, Rafael
700 1 _aCastillo, F.
700 1 _aMattelart, A.
700 1 _aMartínez, J.M.
700 1 _aMattelart, M.
700 1 _aDorfman, Ariel
800 1 _aRigal, Luis A.
_edirector
942 _cBK
998 _cMarce
999 _c7929
_d7929